000 00473nam a2200193Ia 4500
008 210210b1957 xxu||||| |||| 00| 0 eng d
041 _aeng
082 _a311/35
100 _aLEVY (Hyman)
245 _aElementary of statistics
260 _aLondon
_bThomas Nelson and Sons Limited
_c1957
300 _avii,184
650 _astatistics
650 _aof
650 _aElementary
690 _aMathematical Statistics
700 _aPREIDEL (E E)
906 _a001741
999 _c116655
_d116655